| 000 | 01343nam a2200337 i 4500 | ||
|---|---|---|---|
| 003 | EG-ScBUE | ||
| 005 | 20240811122512.0 | ||
| 008 | 180418s2000 cc a f 000 0 mul d | ||
| 020 | _a9787563708574 | ||
| 020 | _a756370857X | ||
| 040 |
_aEG-ScBUE _beng _erda _cEG-ScBUE _dEG-ScBUE |
||
| 041 | 0 |
_achi _aeng |
|
| 043 | _aa-cc--- | ||
| 082 | 0 | 4 |
_a951 _bCHI _222 |
| 245 | 0 | 0 |
_a新千纪的中国世界遗产 = _bChina's world heritage of the new millennium = Xin qian ji de Zhongguo shi jie yi chan / _ceditor-in-chief You Qi ; edited by Tourism Culture Society of China Tourism Association, Beijing Wusetu Tourism Culture Corporation Ltd. |
| 246 | 3 | 1 | _aChina's world heritage of the new millennium |
| 246 | 3 | 1 | _aZhongguo shi jie yi chan |
| 264 | 1 |
_aBeijing : _bLü you jiao yu chu ban she : _bTourism education press, _c2000. |
|
| 300 |
_a197 pages : _bcolor illustrations ; _c30 cm |
||
| 336 |
_2rdacontent _atext _btxt |
||
| 337 |
_aunmediated _2rdamedia _bn |
||
| 338 |
_avolume _bnc _2rdacarrier |
||
| 546 | _aText in Chinese and English. | ||
| 651 | 7 |
_aChina _vPictorial works. _2BUEsh |
|
| 653 |
_bGGEN _cApril2018 |
||
| 655 | _vReading book | ||
| 700 | 1 |
_aYou, Qi, _eeditor. |
|
| 710 | 2 |
_aTourism Culture Society of China Tourism Association, _eeditor. |
|
| 942 |
_2ddc _cBB |
||
| 999 |
_c26538 _d26510 |
||